Disasters by Country - Statistics

General Stats
  • This quiz has been taken 78 times
  • The average score is 13 of 20
Answer Stats
Event Year Answer % Correct
Chernobyl disaster 1986 Ukraine
99%
Destruction of Pompeii 79 AD Italy
96%
Potato famine 1845-52 Ireland
94%
September 11th terror attacks 2001 United States of America
93%
COVID-19 outbreak 2019 China
91%
Yangtze-Huai River floods 1931 China
90%
Fukushima nuclear accident 2011 Japan
88%
Krakatoa eruption 1883 Indonesia
84%
Beirut explosion 2020 Lebanon
82%
Indian Ocean Tsunami (most deaths) 2004 Indonesia
70%
Hindenburg crash 1934 United States of America
66%
Bihar train derailment 1981 India
64%
Magnitude 7.0 earthquake, 160k dead 2010 Haiti
55%
Ufa train disaster 1989 Russia
48%
Sampoong Department Store collapse 1995 South Korea
46%
1984 famine 1983-85 Ethiopia
45%
Scilly naval disaster 1707 United Kingdom
45%
First cases of Ebola epidemic 2013 Guinea
28%
Sinking of MV Sewol 2014 South Korea
18%
Lake Nyos disaster 1986 Cameroon
13%
No matching quizzes found
Score Distribution
Percent of People with Each Score
Percentile by Number Answered
Your Score History
You have not taken this quiz